The Impact of Influencer Brand Equity on Gen Z’s Intention to Engage in Adventure Tourism A Study Based on Source Credibility Theory in Hungary

Bibliográfiai részletek
Szerzők: Do Thi Thu Uyen
Doan Thi Tra My
Sarkar Apurba
További közreműködők: Szabóné Dr. Erdélyi Dr. Éva
Dokumentumtípus: TDK dolgozat
Kulcsszavak:21th century
internetmarketing
interpersonal relations.
trend
turizmus
Online Access:http://dolgozattar.uni-bge.hu/60460

MARC

LEADER 00000nta a2200000 i 4500
001 dolg60460
005 20260416073735.0
008 260416suuuu hu o 000 eng d
040 |a BGE Dolgozattár Repozitórium  |b hun 
041 |a en 
100 1 |a Do Thi Thu Uyen 
245 1 4 |a The Impact of Influencer Brand Equity on Gen Z’s Intention to Engage in Adventure Tourism  |b A Study Based on Source Credibility Theory in Hungary  |c Do Thi Thu Uyen  |h [elektronikus dokumentum] 
516 |a Students_Scientific_Association_paper 
520 3 |a Adventure tourism offers exciting, hands-on travel experiences that attract young people, especially Generation Z (Gen Z), and its success relies on effective marketing strategies. Digital marketing has quickly replaced traditional print and electronic media as the main way for brands to communicate. Social media platforms such as Facebook and TikTok now play a central role in connecting businesses with consumers, particularly Gen Z. In this landscape, online influencers act as powerful intermediaries who shape Generation Z’s perceptions and purchasing decisions.This study uses Source Credibility Theory to explore the impact of online influencer marketing on Gen Z’s intention to participate in adventure tourism in Hungary. The study used an online questionnaire adapted from established, validated scales for the context of adventure tourism and influencer marketing. Data were collected from 151 respondents in Hungary and analysed through Partial Least Squares Structural Equation Modeling (PLS-SEM) in SmartPLS 4. The study found that when people see an influencer as credible and trustworthy, it improves the overall image of the brand the influencer represents. This enhanced brand image increases the trust people have in the influencer's brand. When people trust the influencer's brand, they are more likely to stay loyal to it. This loyalty then makes members of Generation Z more willing to participate in adventure tourism promoted by the influencer. On the other hand, factors like whether the influencer’s lifestyle matches the followers’, too many endorsements by the influencer, how much control people feel they have over their behavior, and personal interest did not have a significant impact on these outcomes. The idea that too many endorsements might weaken the connection between trust and loyalty was not supported. Credibility of the social media influencer is key to building a positive brand image, which builds trust, then loyalty, and that loyalty encourages Gen Z to engage more with adventure tourism. Some other factors thought to influence this process did not have a significant effect.These findings show that influencer credibility and trust are key factors in shaping Gen Z’s intention to engage in adventure tourism. Overall, the study offers guidance for marketers and tourism policymakers to build genuine and reliable influencer partnerships. 
695 |a 21th century 
695 |a internetmarketing 
695 |a interpersonal relations. 
695 |a trend 
695 |a turizmus 
700 1 |a Szabóné Dr. Erdélyi Dr. Éva  |e ths 
700 1 |a Doan Thi Tra My  |e aut 
700 1 |a Sarkar Apurba  |e aut 
856 4 0 |u http://dolgozattar.uni-bge.hu/60460/1/The%20Impact%20of%20Influencer%20Brand%20Equity%20on%20Gen%20Z%E2%80%99s%20Intention%20to%20Engage%20in%20Adventure%20Tourism%20A%20Study%20Based%20on%20Source%20Credibility%20Theory%20in%20Hungary.pdf  |z Dokumentum-elérés 
856 4 0 |u http://dolgozattar.uni-bge.hu/60460/2/08%20BGE%20TDK_AUTHORS%20CONSENT%202025%20HUN%20ENG%20.pdf  |z Dokumentum-elérés 
856 4 0 |u http://dolgozattar.uni-bge.hu/60460/3/Resume_The%20Impact%20of%20Influencer%20Brand%20Equity%20on%20Gen%20Zs%20intention%20to%20engage%20in%20Adventure%20tourism%20A%20study%20based%20on%20Source%20Credibility%20Theory%20in%20Hungary_TDK%202025.pdf  |z Dokumentum-elérés 
856 4 0 |u http://dolgozattar.uni-bge.hu/60460/4/Resume_The%20Impact%20of%20Influencer%20Brand%20Equity%20on%20Gen%20Zs%20intention%20to%20engage%20in%20Adventure%20tourism%20A%20study%20based%20on%20Source%20Credibility%20Theory%20in%20Hungary_TDK%202025.docx  |z Dokumentum-elérés 
856 4 0 |u http://dolgozattar.uni-bge.hu/60460/5/Do_Thi_Thu_Uyen_NGK_FK.pdf  |z Dokumentum-elérés 
856 4 0 |u http://dolgozattar.uni-bge.hu/60460/6/The%20Impact%20of%20influencer%20Brand%20Equity_Paper_evaluation_form.pdf  |z Dokumentum-elérés